Lucian's Pokemon - Statistics

General Stats
  • This quiz has been taken 4 times
  • The average score is 6 of 8
Answer Stats
Hint Answer % Correct
Sinnoh Alakazam
100%
Sinnoh Bronzong
100%
Sinnoh Espeon
100%
Sinnoh Mr. Mime
100%
Sinnoh Gallade
67%
Sinnoh Slowbro
67%
Sinnoh Girafarig
33%
Sinnoh Medicham
33%
No matching quizzes found
Score Distribution
Percent of People with Each Score
Percentile by Number Answered
Your Score History
You have not taken this quiz